| 000 | 00518nam a2200145Ia 4500 | ||
|---|---|---|---|
| 008 | 170221s9999 xx 000 0 und d | ||
| 100 | _aKamilah Ahmad | ||
| 245 | 4 | _aThe implementation of management accounting practice and its relationship with performance in Small and Medium Enterprises sector | |
| 245 | _cKamilah Ahmad | ||
| 260 | _bInternational Review of Management and Marketing | ||
| 260 | _cNovember 2016 | ||
| 300 | _a5:4 | ||
| 650 | _xMarketing. | ||
| 856 | _uhttp://www.econjournals.com/index.php/irmm | ||
| 999 |
_c309954 _d309954 |
||